Central Library OPAC University of Rajshahi

Solid state physical electronics / (Record no. 72479)

MARC details
000 -LEADER
fixed length control field 00808nam a22002531 4500
001 - CONTROL NUMBER
control field 72479
003 - CONTROL NUMBER IDENTIFIER
rucl marc code BD-RjUL
005 - DATE AND TIME OF LATEST TRANSACTION
control field 20211209082251.0
008 - FIXED-LENGTH DATA ELEMENTS--GENERAL INFORMATION
fixed length control field 170520s1957 enka b 001 0 eng
035 ## - SYSTEM CONTROL NUMBER
System control number (BD-RjUL)72697
040 ## - CATALOGING SOURCE
Original cataloging agency DLC
Transcribing agency DLC
Modifying agency DLC
-- BD-RjUL
Language of cataloging eng
041 ## - LANGUAGE CODE
Language code of text/sound track or separate title eng
082 00 - DEWEY DECIMAL CLASSIFICATION NUMBER
Classification number 537.5
Author mark and year VAS 1958
Edition number 23
100 1# - MAIN ENTRY--PERSONAL NAME
Personal name Van der Ziel, Aldert,
Dates associated with a name 1910-
9 (RLIN) 28255
245 10 - TITLE STATEMENT
Title Solid state physical electronics /
Statement of responsibility, etc. Aldert Van der Ziel
260 ## - PUBLICATION, DISTRIBUTION, ETC. (IMPRINT)
Place of publication, distribution, etc. London :
Name of publisher, distributor, etc. Macmillan & Co Ltd,
Date of publication, distribution, etc. 1958 [ Printing 1961 ].
300 ## - PHYSICAL DESCRIPTION
Pagination x, 604 p. :
Illustrations ill. ;
Size 23 cm.
490 0# - SERIES STATEMENT
Series statement Solid state physical electronics series
504 ## - BIBLIOGRAPHY, ETC. NOTE
Bibliography, etc Includes bibliographies and index.
650 #0 - SUBJECT ADDED ENTRY--TOPICAL TERM
Topical term or geographic name as entry element Electronics.
9 (RLIN) 28256
830 ## - SERIES ADDED ENTRY--UNIFORM TITLE
Uniform title Solid state physical electronics series
942 ## - ADDED ENTRY ELEMENTS (KOHA)
Source of classification or shelving scheme Dewey Decimal Classification
Koha item type Books
Holdings
Lost status Source of classification or shelving scheme Damaged status Not for loan Collection code Permanent Location Current Location Shelving location Date acquired Source of acquisition Cost, normal purchase price Total Checkouts Full call number Date last seen Copy number Koha item type
  Dewey Decimal Classification   Not For Loan Non-fiction Central Library, University of Rajshahi Central Library, University of Rajshahi Reading Room 14/07/1964 Zeitlinger 37.60   537.5 VAS 1958 20/05/2017 C-1 Books
  Dewey Decimal Classification     Non-fiction Central Library, University of Rajshahi Central Library, University of Rajshahi   14/07/1964 Zeitlinger 37.15   537.5 VAS 1961 20/05/2017 C-1 Books